Svedomie za dvadsať miliárd

Ekologická katastrofa v Mexickom zálive, ktorá sa začala 20.4.2010 výbuchom na ropnej plošine Deepwater Horizon pri juhovýchodnom pobreží Louisiany. Za katastrofu obvinený koncern BP (British Petroleum), ktorý podľa amerického prezidenta B. Obamu je povinný uhradiť všetky náklady spojené s haváriou....

Descrizione completa

Salvato in:
Dettagli Bibliografici
Autore principale: Žitňanský, Eduard
Natura: Capitolo di libro
Lingua:slovacco
Soggetti:
Tags: Aggiungi Tag
Nessun Tag, puoi essere il primo ad aggiungerne!!

MARC

LEADER 00000naa$a2200000$$$4500
001 0115568
005 20231009103040.0
041 0 |a slo 
044 |a SK 
245 1 0 |a Svedomie za dvadsať miliárd  |c Eduard Žitňanský 
520 |a Ekologická katastrofa v Mexickom zálive, ktorá sa začala 20.4.2010 výbuchom na ropnej plošine Deepwater Horizon pri juhovýchodnom pobreží Louisiany. Za katastrofu obvinený koncern BP (British Petroleum), ktorý podľa amerického prezidenta B. Obamu je povinný uhradiť všetky náklady spojené s haváriou. Pokles burzovej hodnoty koncernu. Predpokladaná hodnota, ktorú bude musieť koncern zaplatiť - 33 miliárd dolárov. 
610 2 0 |a ropa 
610 2 0 |a ťažba surovín 
610 2 0 |a spoločnosti 
610 2 0 |a koncerny 
610 2 0 |a akcie 
610 2 0 |a hodnota 
610 2 0 |a prostredie životné 
610 2 0 |a ekológia 
610 2 0 |a USA 
610 2 0 |a Veľká Británia 
100 1 |a Žitňanský, Eduard